[Event "POSEJDON"]
[Site "SchemingMind.com"]
[Date "2007.09.08"]
[Round "-"]
[White "Schaakmaatje"]
[Black "Dariusz1968"]
[Result "1-0"]
[WhiteCountry "NED"]
[BlackCountry "POL"]
[WhiteElo "1751"]
[WhiteRD "70"]
[BlackElo "1420"]
[BlackRD "55"]
[GameID "119970"]

1. e4 b6 2. d4 Bb7 3. Bd3 g6 4. Nf3 Bg7 5. O-O d6 6. Re1 h6 7. c3 a6 8. Bf4 Nd7 9. e5 d5 10. e6 Ndf6
11. exf7+ Kxf7 12. Ne5+ Ke8 13. Bxg6+ Kf8 14. Bh5 Ne4 15. Ng6+ Ke8 16. Nxh8+ Kd7 17. Nf7 Qf8 18. Nd2 Ngf6 19. Nxe4 dxe4 20. Bg4+ Nxg4
21. Qxg4+ e6 22. Ne5+ Bxe5 23. Bxe5 Qf5 24. Qg7+ Ke8 25. Bf6
1-0

[Event "POSEJDON"]
[Site "SchemingMind.com"]
[Date "2007.09.08"]
[Round "-"]
[White "Dariusz1968"]
[Black "Schaakmaatje"]
[Result "0-1"]
[WhiteCountry "POL"]
[BlackCountry "NED"]
[WhiteElo "1332"]
[WhiteRD "53"]
[BlackElo "1803"]
[BlackRD "57"]
[GameID "119971"]

1. e4 e6 2. d4 d5 3. e5 c5 4. Nf3 cxd4 5. Nxd4 Nc6 6. Bb5 Bd7 7. Bxc6 bxc6 8. O-O c5 9. Nf3 Ne7 10. Bg5 Qc7
11. Nbd2 Nc6 12. Bf4 Be7 13. c4 Nb4 14. Qb3 a5 15. a3 a4 16. axb4 axb3 17. Rxa8+ Bd8 18. cxd5 exd5 19. g3 Qb7 20. Ra3 c4
21. Rc1 O-O 22. Be3 Qxb4 23. Ra7 Be6 24. Nd4 Bh3 25. Nc6 Qb5 26. Nxd8 Rxd8 27. Bg5 Re8 28. Rca1 Rxe5
0-1

[Event "POSEJDON"]
[Site "SchemingMind.com"]
[Date "2007.09.11"]
[Round "-"]
[White "calidore"]
[Black "Schaakmaatje"]
[Result "1-0"]
[WhiteCountry "ISR"]
[BlackCountry "NED"]
[WhiteElo "1889"]
[WhiteRD "65"]
[BlackElo "1751"]
[BlackRD "70"]
[GameID "120145"]

1. e4 c5 2. c3 d5 3. exd5 Qxd5 4. d4 cxd4 5. cxd4 Nc6 6. Nf3 e5 7. Nc3 Bb4 8. Bd2 Bxc3 9. Bxc3 e4 10. Ne5 Nf6
11. Bc4
1-0

[Event "POSEJDON"]
[Site "SchemingMind.com"]
[Date "2007.09.10"]
[Round "-"]
[White "calidore"]
[Black "Dariusz1968"]
[Result "1-0"]
[WhiteCountry "ISR"]
[BlackCountry "POL"]
[WhiteElo "1871"]
[WhiteRD "59"]
[BlackElo "1332"]
[BlackRD "53"]
[GameID "120146"]

1. e4 b6 2. d4 Bb7 3. Nc3 g6 4. Be3 Bg7 5. Qd2 d6 6. Nge2 e6 7. f3 h6 8. h4 Bf6 9. g3 a6 10. Bg2 Nd7
11. O-O-O Ne7 12. Bxh6 Nc6 13. Be3 Qe7 14. Rhf1 b5 15. f4 O-O-O 16. e5 dxe5 17. fxe5 Ndxe5 18. Qe1 Nc4 19. Bg1 Qb4 20. Na4 bxa4
21. Qxb4
1-0

[Event "POSEJDON"]
[Site "SchemingMind.com"]
[Date "2007.09.12"]
[Round "-"]
[White "Schaakmaatje"]
[Black "calidore"]
[Result "1/2-1/2"]
[WhiteCountry "NED"]
[BlackCountry "ISR"]
[WhiteElo "1803"]
[WhiteRD "57"]
[BlackElo "1871"]
[BlackRD "59"]
[GameID "120147"]

1. e4 Nf6 2. e5 Nd5 3. d4 d6 4. Nf3 Bg4 5. Be2 c6 6. O-O Bxf3 7. Bxf3 dxe5 8. dxe5 e6 9. c4 Ne7 10. Nc3 Qxd1
11. Rxd1 Nd7 12. Ne4 Ng6 13. Nd6+ Bxd6 14. exd6 O-O-O 15. b4 Nge5 16. Be2 b6 17. c5 bxc5 18. bxc5 Nxc5 19. Be3 Nb7 20. Bxa7 Rxd6
21. Rxd6 Nxd6 22. a4 Kb7 23. Bc5 Ne4 24. Rb1+ Ka8 25. Be3 Nc3 26. Re1 Nxe2+ 27. Rxe2 Rd8 28. Re1 Nc4 29. Bc5 Kb7 30. Rb1+ Ka6
31. h3 Rd5 32. Bb4 Nb6 33. a5 Nc4 34. Rc1 c5 35. Rxc4 cxb4 36. Rxb4 Kxa5 37. Rb7 Rf5 38. g4 Rf6 39. Kg2 Ka6 40. Rb4 e5
41. Kg3 Rb6 42. Ra4+ Kb7 43. Ra5 f6 44. g5 Kc7 45. Ra7+ Rb7 46. Rxb7+= Kxb7 47. gxf6 gxf6 48. Kg4 Kc6 49. Kf5 Kd5 50. f3 e4=
51. fxe4+ Kd4 52. Kf4 Kd3 53. h4 h5 54. Kf5 Kd4 55. Kf4 Kd3 56. e5 fxe5+ 57. Kxe5 Ke3 58. Kf5 Kd4 59. Kf4=
1/2-1/2

[Event "POSEJDON"]
[Site "SchemingMind.com"]
[Date "2007.09.10"]
[Round "-"]
[White "Dariusz1968"]
[Black "calidore"]
[Result "0-1"]
[WhiteCountry "POL"]
[BlackCountry "ISR"]
[WhiteElo "1448"]
[WhiteRD "53"]
[BlackElo "1885"]
[BlackRD "83"]
[GameID "120148"]

1. e4 Nf6 2. Nc3 d5 3. e5 d4 4. exf6 dxc3 5. fxg7 cxd2+ 6. Bxd2 Bxg7 7. c3 Bf5 8. Qf3 Qc8 9. Bd3 Bxd3 10. Qxd3 Qd7
11. Qf3 Nc6 12. Nh3 O-O-O 13. Rd1 Ne5 14. Qg3 Qb5 15. Nf4 Rhg8 16. b3 Bf6 17. Qh3+ Kb8 18. c4 Qc6 19. O-O Rxd2 20. Rxd2 Nf3+
21. Kh1 Nxd2 22. Rd1 Ne4 23. Qe3 Bg5 24. f3 Bxf4 25. Qxe4 Qxe4 26. fxe4 Bd6 27. g4 Kc8 28. h3 f6 29. Rf1 Be5 30. Rf5 Rg5
31. Rf2 h5 32. Rf5 hxg4 33. Rxg5 fxg5 34. hxg4 Kd7 35. Kg2 Kd6 36. Kf3 Kc5
0-1

[Event "POSEJDON"]
[Site "SchemingMind.com"]
[Date "2007.09.10"]
[Round "-"]
[White "tacticrules"]
[Black "calidore"]
[Result "0-1"]
[WhiteCountry "GER"]
[BlackCountry "ISR"]
[WhiteElo "1570"]
[WhiteRD "48"]
[BlackElo "1889"]
[BlackRD "65"]
[GameID "120202"]

1. e4 Nf6 2. e5 Nd5 3. d4 d6 4. Nf3 Bg4 5. Be2 Nc6 6. c3 dxe5 7. Nxe5 Nxe5 8. Bxg4 Nxg4 9. Qxg4 Nf6 10. Qf3 Qd5
11. Qxd5 Nxd5 12. O-O e6 13. Nd2 Bd6 14. Ne4 h6 15. Re1 O-O-O 16. Nxd6+ Rxd6 17. Bd2 c6 18. Rad1 b5 19. a3 Nb6 20. Bf4 Rd7
21. b3 a5 22. Rb1 a4 23. bxa4 Nxa4 24. Bd2 Ra7 25. Rb4 Nb6 26. Rb3 Nc4 27. Ra1 Nxd2
0-1

[Event "POSEJDON"]
[Site "SchemingMind.com"]
[Date "2007.09.11"]
[Round "-"]
[White "tacticrules"]
[Black "Schaakmaatje"]
[Result "0-1"]
[WhiteCountry "GER"]
[BlackCountry "NED"]
[WhiteElo "1454"]
[WhiteRD "49"]
[BlackElo "1803"]
[BlackRD "57"]
[GameID "120203"]

1. e4 c5 2. Nf3 d6 3. d4 cxd4 4. Nxd4 Nf6 5. Nc3 e6 6. Be3 a6 7. Be2 Be7 8. O-O Nbd7 9. f4 b5 10. a3 O-O
11. Qe1 Bb7 12. Bf3 Nc5 13. e5 Nfe4 14. exd6 Bxd6 15. Nb3 Nxb3 16. cxb3 Nxc3 17. Bxb7 Rb8 18. bxc3 Rxb7
0-1

[Event "POSEJDON"]
[Site "SchemingMind.com"]
[Date "2007.09.10"]
[Round "-"]
[White "tacticrules"]
[Black "Dariusz1968"]
[Result "1-0"]
[WhiteCountry "GER"]
[BlackCountry "POL"]
[WhiteElo "1677"]
[WhiteRD "51"]
[BlackElo "1448"]
[BlackRD "53"]
[GameID "120204"]

1. e4 b6 2. d4 Bb7 3. Bd3 g6 4. Ne2 Nf6 5. e5 Nh5 6. O-O e6 7. Nbc3 f5 8. Be3 Be7 9. Qd2 h6 10. f3 g5
11. d5 exd5 12. Bxf5 Ng7 13. Bg6+ Kf8 14. f4 g4 15. f5 Bf6 16. exf6 Qxf6 17. Nxd5 Bxd5 18. Qxd5 Nc6 19. Bd4 Qe7 20. f6 Qe6
21. fxg7+ Ke7 22. Rf7+ Kd8 23. gxh8=Q+ Qe8 24. Qxd7#
1-0

[Event "POSEJDON"]
[Site "SchemingMind.com"]
[Date "2007.09.10"]
[Round "-"]
[White "calidore"]
[Black "tacticrules"]
[Result "1-0"]
[WhiteCountry "ISR"]
[BlackCountry "GER"]
[WhiteElo "1889"]
[WhiteRD "65"]
[BlackElo "1570"]
[BlackRD "48"]
[GameID "120205"]

1. e4 c5 2. d4 e6 3. d5 exd5 4. exd5 d6 5. Nf3 Nf6 6. Bd3 g6 7. Nc3 Bg7 8. O-O O-O 9. h3 a6 10. Bf4 b5
11. Rb1 c4 12. Be2 b4 13. Na4 Nh5 14. Be3 Qa5 15. Nb6 Bb7 16. Nxa8 Bxa8 17. Bxc4 Rc8 18. Bb3 Nd7 19. Bd4 Nhf6 20. c4 Nc5
21. Re1 Rc7 22. Bxf6 Bxf6 23. Re8+ Kg7 24. Rxa8 Re7 25. Nd4 Qc7 26. Nc6 Rd7 27. Ra7 Qc8 28. Qg4 h5 29. Qf3 Rxa7 30. Nxa7 Qb7
31. Nc6 Nd7 32. Bc2 Be5 33. b3 Qc8 34. Re1 f5 35. Qe3 Qe8 36. f4
1-0

[Event "POSEJDON"]
[Site "SchemingMind.com"]
[Date "2007.09.11"]
[Round "-"]
[White "Schaakmaatje"]
[Black "tacticrules"]
[Result "1-0"]
[WhiteCountry "NED"]
[BlackCountry "GER"]
[WhiteElo "1803"]
[WhiteRD "57"]
[BlackElo "1454"]
[BlackRD "49"]
[GameID "120206"]

1. d4 Nf6 2. Bg5 Ne4 3. Bh4 c5 4. f3 Qa5+ 5. c3 Nf6 6. d5 d6 7. e4 e6 8. Bxf6 gxf6 9. Nd2 Bg7 10. Qb3 exd5
11. exd5 O-O 12. Bd3 Nd7 13. Ne2 Ne5 14. Qc2 Nxd3+ 15. Qxd3 Re8 16. O-O Qb6 17. Nc4 Qd8 18. Ng3
1-0

[Event "POSEJDON"]
[Site "SchemingMind.com"]
[Date "2007.09.10"]
[Round "-"]
[White "Dariusz1968"]
[Black "tacticrules"]
[Result "0-1"]
[WhiteCountry "POL"]
[BlackCountry "GER"]
[WhiteElo "1448"]
[WhiteRD "53"]
[BlackElo "1677"]
[BlackRD "51"]
[GameID "120207"]

1. e4 c5 2. Bc4 Nc6 3. Qf3 Nf6 4. d3 d5 5. exd5 Nd4 6. Qd1 b5 7. Bb3 a5 8. c3 a4 9. Bxa4 Rxa4 10. cxd4 Rxd4
11. Nc3 Nxd5 12. Nxb5 Qa5+ 13. Nc3 Nxc3 14. bxc3 Qxc3+ 15. Bd2 Qxd3 16. Ne2 Rd7 17. Rc1 e5 18. Rc2 c4 19. O-O Bb4 20. Nc3 Bxc3
21. Rxc3 Qxd2 22. Qxd2 Rxd2 23. Rxc4 O-O 24. Rfc1 Be6 25. Re4 Rfd8 26. h3 Rxa2 27. Rxe5 g6 28. Rec5 Kg7 29. h4 Rad2 30. h5 Rd1+
31. Rxd1 Rxd1+ 32. Kh2 Rd2 33. hxg6 hxg6 34. f3 Kh6 35. Kg3 g5 36. Re5 Rd4 37. Kh2 g4 38. Re4 Rxe4 39. fxe4 Kg5 40. Kg3 f6
41. Kf2 Kf4 42. g3+ Kxe4 43. Kg2 Ke3 44. Kh2 Kf2 45. Kh1 Kxg3 46. Kg1 Bd5
0-1

[Event "POSEJDON"]
[Site "SchemingMind.com"]
[Date "2007.09.11"]
[Round "-"]
[White "Archon"]
[Black "tacticrules"]
[Result "1-0"]
[WhiteCountry "CAN"]
[BlackCountry "GER"]
[WhiteElo "1753"]
[WhiteRD "50"]
[BlackElo "1454"]
[BlackRD "49"]
[GameID "120251"]

1. d4 d5 2. c4 c6 3. Nc3 Nf6 4. e3 Bf5 5. cxd5 cxd5 6. Qb3 Qb6 7. Nxd5 Qxb3 8. Nxf6+ exf6 9. axb3 Bb4+ 10. Bd2 Bxd2+
11. Kxd2 O-O 12. Nf3 Nc6 13. Bd3 Bxd3 14. Kxd3 Rac8 15. Rhc1 Rfd8 16. Ke2 Ne7 17. Kd2 Rxc1 18. Rxc1 Rc8 19. Ra1 a6 20. Rc1 Rxc1
21. Kxc1 Kf8 22. Kc2 Ke8 23. Kd3 Kd7 24. Kc4 Kc6 25. b4 b5+ 26. Kc3 Kd5 27. Kd3 f5 28. Nd2 f6 29. Nb3 Nc6 30. Kc3
1-0

[Event "POSEJDON"]
[Site "SchemingMind.com"]
[Date "2007.09.11"]
[Round "-"]
[White "Archon"]
[Black "calidore"]
[Result "1/2-1/2"]
[WhiteCountry "CAN"]
[BlackCountry "ISR"]
[WhiteElo "1710"]
[WhiteRD "51"]
[BlackElo "1889"]
[BlackRD "65"]
[GameID "120252"]

1. d4 Nf6 2. c4 e6 3. Nc3 d5 4. cxd5 exd5 5. Bg5 Be7 6. e3 O-O 7. Bd3 c6 8. Qc2 h6 9. Bh4 Be6 10. Nf3 Nbd7
11. O-O Re8 12. h3 a6 13. a3 c5 14. dxc5 Nxc5 15. Be2 Rc8 16. Qd1 Nce4 17. Nxe4 Nxe4 18. Bxe7 Qxe7 19. Nd4 Nd6 20. Bd3 Qg5
21. Qf3 Ne4 22. Bxe4 dxe4 23. Qg3 Qxg3 24. fxg3 Bc4 25. Rfd1 Bd3 26. Rac1 g6 27. g4 Kg7 28. Kf2 Kf8=
1/2-1/2

[Event "POSEJDON"]
[Site "SchemingMind.com"]
[Date "2007.09.11"]
[Round "-"]
[White "Archon"]
[Black "Schaakmaatje"]
[Result "1-0"]
[WhiteCountry "CAN"]
[BlackCountry "NED"]
[WhiteElo "1753"]
[WhiteRD "50"]
[BlackElo "1803"]
[BlackRD "57"]
[GameID "120253"]

1. d4 Nf6 2. c4 c5 3. d5 b5 4. cxb5 a6 5. f3 e6 6. e4 Qb6 7. Nc3 exd5 8. Nxd5 Nxd5 9. Qxd5 Bb7 10. Qb3 a5
11. Be3 a4 12. Qc4 Be7 13. Bd3 d6 14. Ne2 Nd7 15. Qc2 Ne5 16. Nc3 a3 17. b3 O-O 18. Be2 Rfe8 19. O-O Bf6 20. Rac1 Nd7
21. Rfd1 Nf8 22. Nd5 Bxd5 23. Rxd5 Ne6 24. Rdd1 Bd4 25. Qd2 d5 26. Bxd4 Nxd4 27. Bf1 dxe4 28. fxe4 Rxe4 29. Kh1 Rae8 30. Re1 Rxe1
31. Rxe1 Rd8 32. Qe3 Ne6 33. Bc4 Re8 34. h3 Kf8 35. b4 h6 36. bxc5 Qxc5 37. Qxc5+ Nxc5 38. Rb1 Rb8 39. Kg1 Ke7 40. Kf2 f6
41. Ke3 g5 42. Kd4 Kd6 43. g4 Re8 44. Rc1 Re4+ 45. Kc3 Re3+ 46. Kb4 Nb7 47. Rc3 Rxc3 48. Kxc3 Kc5 49. Bd3 Nd6 50. Kb3 Nxb5
51. Bxb5 Kxb5 52. Kxa3 Kc4 53. Kb2 Kd4 54. Kb3 Ke4 55. a4 Kf3 56. a5 Kg3 57. a6 Kxh3 58. a7 Kxg4 59. a8=Q f5 60. Qg2+ Kh5
61. Qf3+ Kg6 62. Kc3 g4 63. Qf4 h5 64. Kd4 h4 65. Ke5 g3 66. Qxf5+ Kh6 67. Qg4
1-0

[Event "POSEJDON"]
[Site "SchemingMind.com"]
[Date "2007.09.11"]
[Round "-"]
[White "Archon"]
[Black "Dariusz1968"]
[Result "1-0"]
[WhiteCountry "CAN"]
[BlackCountry "POL"]
[WhiteElo "1753"]
[WhiteRD "50"]
[BlackElo "1332"]
[BlackRD "53"]
[GameID "120254"]

1. d4 g6 2. c4 Bg7 3. e4 e6 4. Nc3 b6 5. Be3 Bb7 6. Bd3 Nc6 7. Nge2 Nf6 8. f3 Nb4 9. Bb1 d6 10. a3 Na6
11. Qd2 c5 12. d5 e5 13. Bc2 Nh5 14. Bd3 Qe7 15. O-O h6 16. f4 O-O-O 17. fxe5 Bxe5 18. Nf4 Rhg8 19. Nxh5 gxh5 20. Bxh6 Qh4
21. Bf4 Bxf4 22. Rxf4 Qg5 23. Qf2 Kb8 24. Rxf7 Rdf8 25. Rxf8+ Rxf8 26. Qxf8+ Bc8 27. Qf2 Nc7 28. Rf1 Bh3 29. Qg3 Bg4 30. h3 h4
31. Qxg4
1-0

[Event "POSEJDON"]
[Site "SchemingMind.com"]
[Date "2007.09.11"]
[Round "-"]
[White "tacticrules"]
[Black "Archon"]
[Result "0-1"]
[WhiteCountry "GER"]
[BlackCountry "CAN"]
[WhiteElo "1570"]
[WhiteRD "48"]
[BlackElo "1710"]
[BlackRD "51"]
[GameID "120255"]

1. e4 d6 2. d4 Nf6 3. Nc3 g6 4. Nf3 Bg7 5. h3 O-O 6. Be3 a6 7. Qd2 b5 8. a3 Bb7 9. Bd3 Nbd7 10. O-O c5
11. dxc5 Nxc5 12. Bxc5 dxc5 13. Rfe1 c4 14. Be2 Nxe4 15. Qxd8 Raxd8 16. Nxe4 Bxe4 17. c3 e6 18. Rad1 Bc2 19. Rxd8 Rxd8 20. Rc1 Be4
21. Rd1 Rxd1+ 22. Bxd1 Bh6
0-1

[Event "POSEJDON"]
[Site "SchemingMind.com"]
[Date "2007.09.11"]
[Round "-"]
[White "calidore"]
[Black "Archon"]
[Result "1/2-1/2"]
[WhiteCountry "ISR"]
[BlackCountry "CAN"]
[WhiteElo "1889"]
[WhiteRD "65"]
[BlackElo "1710"]
[BlackRD "51"]
[GameID "120256"]

1. e4 d6 2. d4 Nf6 3. Nc3 g6 4. Be3 c6 5. f3 b5 6. a3 Nbd7 7. Qd2 Bb7 8. Nge2 a6 9. g4 Nb6 10. Ng3 Nfd7
11. Be2 Bg7 12. h4 Qc7 13. h5 Rg8 14. O-O-O c5 15. hxg6 hxg6 16. Rh7 cxd4 17. Bxd4 Bxd4 18. Qxd4 Rf8 19. Nf1 Rc8 20. Ne3 Nf6
21. Rh2 Qc5 22. Qxc5 Rxc5 23. Kb1 Rc8 24. Bd3 e6 25. Be2 Ke7 26. Bd3 Rxc3 27. bxc3 d5 28. e5 Nfd7 29. f4 Rc8 30. c4 dxc4
31. Bxg6 fxg6 32. Rh7+ Kd8 33. f5 gxf5 34. gxf5 Nd5 35. fxe6 Nc3+ 36. Kc1 Nxd1 37. Rxd7+ Ke8 38. Kxd1 Rd8 39. Rxd8+ Kxd8 40. Nf5 Bd5
41. Nd4=
1/2-1/2

[Event "POSEJDON"]
[Site "SchemingMind.com"]
[Date "2007.09.12"]
[Round "-"]
[White "Schaakmaatje"]
[Black "Archon"]
[Result "1/2-1/2"]
[WhiteCountry "NED"]
[BlackCountry "CAN"]
[WhiteElo "1751"]
[WhiteRD "70"]
[BlackElo "1710"]
[BlackRD "51"]
[GameID "120257"]

1. e4 d6 2. Bc4 Nf6 3. f3 e6 4. d4 g6 5. Nc3 b6 6. Bg5 Bg7 7. Nge2 Bb7 8. d5 e5 9. O-O Nbd7 10. Kh1 O-O
11. Qd2 Bc8 12. Nd1 Qe8 13. Bb5 a6 14. Bc6 Rb8 15. c4 Nh5 16. b4 f6 17. Be3 Bb7 18. Bxb7 Rxb7 19. b5 a5 20. a4 f5
21. Ndc3 f4 22. Bg1 g5 23. g4 Nhf6 24. Bf2 h5 25. h3 hxg4 26. hxg4 Kf7 27. Kg2 Rh8 28. Rh1 Rb8 29. Rxh8 Bxh8 30. Rh1 Bg7
31. Nc1 Qe7 32. Nd3 Rg8 33. Qd1 Qf8 34. Rh3 Rh8 35. Qh1 Rxh3 36. Qxh3=
1/2-1/2

[Event "POSEJDON"]
[Site "SchemingMind.com"]
[Date "2007.09.11"]
[Round "-"]
[White "Dariusz1968"]
[Black "Archon"]
[Result "0-1"]
[WhiteCountry "POL"]
[BlackCountry "CAN"]
[WhiteElo "1332"]
[WhiteRD "53"]
[BlackElo "1753"]
[BlackRD "50"]
[GameID "120258"]

1. e4 d6 2. Bc4 Nf6 3. Nc3 g6 4. d3 Bg7 5. h3 e6 6. Bg5 Nbd7 7. Qg4 O-O 8. O-O-O e5 9. Qh4 Qe8 10. Nd5 Nh5
11. g4 Nf4 12. Nxf4 exf4 13. Bxf4 Ne5 14. Bxe5 Bxe5 15. Nf3 Bg7 16. Ng5 h6 17. Nf3 Qd8 18. Qxd8 Rxd8 19. g5 h5 20. Nh4 Be6
21. f4 Bxc4 22. dxc4 Re8 23. Rhe1 Kh7 24. f5 Rad8 25. f6 Bf8 26. Nf3 c6 27. e5 dxe5 28. Rxd8 Rxd8 29. Nxe5 Kg8
0-1

[Event "POSEJDON"]
[Site "SchemingMind.com"]
[Date "2007.09.11"]
[Round "-"]
[White "Dr_Pat"]
[Black "tacticrules"]
[Result "1-0"]
[WhiteCountry "USA"]
[BlackCountry "GER"]
[WhiteElo "1497"]
[WhiteRD "44"]
[BlackElo "1454"]
[BlackRD "49"]
[GameID "120313"]

1. d4 Nf6 2. c4 c5 3. e3 e6 4. Nc3 cxd4 5. exd4 d5 6. Nf3 Nc6 7. Be2 Be7 8. O-O O-O 9. Bf4 Nh5 10. Be3 Nf6
11. a3 b6 12. cxd5 exd5 13. Qc2 Bb7 14. Ne5 Rc8 15. Rfd1 Re8 16. Bg5 h6 17. Nxc6
1-0

[Event "POSEJDON"]
[Site "SchemingMind.com"]
[Date "2007.09.11"]
[Round "-"]
[White "Dr_Pat"]
[Black "calidore"]
[Result "0-1"]
[WhiteCountry "USA"]
[BlackCountry "ISR"]
[WhiteElo "1566"]
[WhiteRD "47"]
[BlackElo "1889"]
[BlackRD "65"]
[GameID "120314"]

1. e4 Nf6 2. e5 Nd5 3. c4 Nb6 4. d4 d6 5. Nf3 Bg4 6. exd6 cxd6 7. Nc3 g6 8. h3 Bd7 9. c5 dxc5 10. dxc5 Nc8
11. Qb3 Bg7 12. Qxb7 Bc6 13. Bb5 Qd7 14. Qxa8 Bxa8 15. Bxd7+ Nxd7 16. Na4 Bc6 17. Nc3 Nxc5 18. O-O O-O 19. Nd4 Bxd4 20. Bh6 Re8
21. Rac1 Nd3 22. Rcd1 Bxc3 23. bxc3 Bb5 24. Rfe1 Nxe1 25. Rxe1 Nd6 26. Bg5 e6 27. Be3 a6
0-1

[Event "POSEJDON"]
[Site "SchemingMind.com"]
[Date "2007.09.11"]
[Round "-"]
[White "Dr_Pat"]
[Black "Archon"]
[Result "0-1"]
[WhiteCountry "USA"]
[BlackCountry "CAN"]
[WhiteElo "1543"]
[WhiteRD "52"]
[BlackElo "1707"]
[BlackRD "52"]
[GameID "120315"]

1. d4 d6 2. e4 Nf6 3. Nc3 g6 4. Nf3 Bg7 5. Be3 O-O 6. Be2 Nc6 7. O-O Bg4 8. e5 dxe5 9. dxe5 Qxd1 10. Raxd1 Bxf3
11. exf6 Bxe2 12. fxg7 Rfd8 13. Rxd8+ Rxd8 14. Nxe2 Kxg7 15. c3 a6 16. b4 Rd3 17. f4 Rxe3
0-1

[Event "POSEJDON"]
[Site "SchemingMind.com"]
[Date "2007.09.11"]
[Round "-"]
[White "Dr_Pat"]
[Black "Schaakmaatje"]
[Result "0-1"]
[WhiteCountry "USA"]
[BlackCountry "NED"]
[WhiteElo "1497"]
[WhiteRD "44"]
[BlackElo "1803"]
[BlackRD "57"]
[GameID "120316"]

1. d4 Nf6 2. c4 c5 3. Nc3 g6 4. Nf3 Bg7 5. e4 O-O 6. Bd3 d6 7. O-O Nbd7 8. dxc5 Nxc5 9. Nd5 Be6 10. Be3 Ncxe4
11. Nxf6+ Nxf6 12. Qc2 a6 13. Rfd1 Rc8 14. Qe2 Qe8 15. b3 d5 16. Nd4 Bg4 17. f3 Bd7 18. Bg5 dxc4 19. bxc4 Ng4 20. Qe4 Ne5
21. Rac1 Bc6 22. Nxc6 Nxc6 23. f4 Qd7 24. Re1 Nb4 25. Rcd1 Rfe8 26. a3 Nc6 27. c5 Qd4+ 28. Qxd4 Bxd4+ 29. Kh1 Kg7 30. Be4 e5
31. Bxc6 bxc6 32. fxe5 Bxe5 33. g3 h6 34. Bf4 Bxf4 35. Rxe8 Rxe8 36. gxf4 Re4 37. Rd6 Re6 38. Rxe6 fxe6 39. Kg2 Kf6 40. Kg3 e5
41. fxe5+ Kxe5 42. Kg4 Kd5
0-1

[Event "POSEJDON"]
[Site "SchemingMind.com"]
[Date "2007.09.11"]
[Round "-"]
[White "Dr_Pat"]
[Black "Dariusz1968"]
[Result "1-0"]
[WhiteCountry "USA"]
[BlackCountry "POL"]
[WhiteElo "1543"]
[WhiteRD "52"]
[BlackElo "1448"]
[BlackRD "53"]
[GameID "120317"]

1. d4 e6 2. c4 b6 3. Nc3 Bb4 4. e4 Qf6 5. Nf3 Bb7 6. Bd3 Nc6 7. a3 Bxc3+ 8. bxc3 h6 9. O-O g5 10. Be3 g4
11. Nd2 h5 12. e5 Qg7 13. Ne4 O-O-O 14. Bg5 Rf8 15. f4 f5 16. exf6 Nxf6 17. Nxf6 Rxf6 18. Bxf6 Qxf6 19. Qe2 Ne7 20. Qe5 Qf8
21. f5 h4 22. fxe6 Qh6 23. exd7+ Kxd7 24. Rae1 Re8 25. Rf6 Qh8 26. Bf5+ Nxf5 27. Rf7+ Kc8 28. Qxc7#
1-0

[Event "POSEJDON"]
[Site "SchemingMind.com"]
[Date "2007.09.11"]
[Round "-"]
[White "tacticrules"]
[Black "Dr_Pat"]
[Result "0-1"]
[WhiteCountry "GER"]
[BlackCountry "USA"]
[WhiteElo "1454"]
[WhiteRD "49"]
[BlackElo "1497"]
[BlackRD "44"]
[GameID "120318"]

1. e4 Nf6 2. e5 Nd5 3. d4 d6 4. Nf3 Bf5 5. c3 Nd7 6. Bd3 Bxd3 7. Qxd3 dxe5 8. Nxe5 Nxe5 9. dxe5 Nb6 10. Qxd8+ Rxd8
11. Be3 Nc4 12. Bc1 Nxe5 13. O-O e6 14. Nd2 Nd3 15. Nf3 Nxc1 16. Raxc1 Bd6 17. Rcd1 O-O 18. a3 c5 19. c4 f6
0-1

[Event "POSEJDON"]
[Site "SchemingMind.com"]
[Date "2007.09.11"]
[Round "-"]
[White "calidore"]
[Black "Dr_Pat"]
[Result "1-0"]
[WhiteCountry "ISR"]
[BlackCountry "USA"]
[WhiteElo "1885"]
[WhiteRD "83"]
[BlackElo "1543"]
[BlackRD "52"]
[GameID "120319"]

1. e4 c5 2. d4 cxd4 3. c3 Nf6 4. e5 Nd5 5. cxd4 Nc6 6. Nc3 Nxc3 7. bxc3 d6 8. Nf3 dxe5 9. d5 e4 10. Ng5 Ne5
11. Nxe4 Bf5 12. Ba3 Qa5 13. Bb4 Qd8 14. Qd4 Qc7 15. Nc5 b6 16. Bb5+ Nd7 17. Na6 Qc8 18. Qf4 Bg6 19. Nc7+
1-0

[Event "POSEJDON"]
[Site "SchemingMind.com"]
[Date "2007.09.11"]
[Round "-"]
[White "Archon"]
[Black "Dr_Pat"]
[Result "1-0"]
[WhiteCountry "CAN"]
[BlackCountry "USA"]
[WhiteElo "1707"]
[WhiteRD "52"]
[BlackElo "1543"]
[BlackRD "52"]
[GameID "120320"]

1. d4 Nf6 2. c4 e6 3. Nc3 Bb4 4. Qc2 d5 5. cxd5 exd5 6. Bg5 O-O 7. e3 Be6 8. Bd3 Nc6 9. Bxf6 Qxf6 10. Bxh7+ Kh8
11. Bd3 Rfe8 12. Nf3 Bxc3+ 13. bxc3 Ne7 14. Ne5 Nf5 15. h4 c5 16. Qb1 b6 17. h5 cxd4 18. cxd4 Rac8 19. a4 Nh4 20. h6 Qxh6
21. g3
1-0

[Event "POSEJDON"]
[Site "SchemingMind.com"]
[Date "2007.09.11"]
[Round "-"]
[White "Schaakmaatje"]
[Black "Dr_Pat"]
[Result "1-0"]
[WhiteCountry "NED"]
[BlackCountry "USA"]
[WhiteElo "1803"]
[WhiteRD "57"]
[BlackElo "1497"]
[BlackRD "44"]
[GameID "120321"]

1. e4 Nf6 2. e5 Nd5 3. d4 d6 4. Nf3 Bf5 5. Bc4 e6 6. O-O dxe5 7. dxe5 Be7 8. Bxd5 exd5 9. c3 O-O 10. Bf4 Nd7
11. Qxd5 Nb6 12. Qxd8 Raxd8 13. Nbd2 Bd3 14. Rfe1 Nd5 15. Bg3 a6 16. Rac1 a5 17. Ne4 Bxe4 18. Rxe4 f5 19. Rd4 Nb6 20. Rcd1 c5
21. Rxd8 Rxd8 22. Rxd8+ Bxd8 23. b3 Nd5 24. c4 Nc3 25. a4 Ne2+ 26. Kf1 Nxg3+ 27. hxg3 Kf7 28. Nd2 Ke6 29. f4 g6 30. Kf2 h6
31. Nb1 Kd7 32. Nc3 Ke6 33. Nd5 g5 34. Kf3 g4+ 35. Kf2 Kf7 36. Nc3 Kg6 37. Nb5 h5 38. Nd6 b6 39. Nb5 h4 40. gxh4 Bxh4+
41. g3 Bd8 42. Ke3 Kh7 43. Nd6 Kg6 44. Nc8 Kf7 45. Kd3 Kg6 46. e6 Kf6 47. e7 Bxe7 48. Nxb6 Bd8 49. Nd7+ Ke6 50. Nxc5+
1-0

[Event "POSEJDON"]
[Site "SchemingMind.com"]
[Date "2007.09.11"]
[Round "-"]
[White "Dariusz1968"]
[Black "Dr_Pat"]
[Result "0-1"]
[WhiteCountry "POL"]
[BlackCountry "USA"]
[WhiteElo "1448"]
[WhiteRD "53"]
[BlackElo "1543"]
[BlackRD "52"]
[GameID "120322"]

1. e4 Nf6 2. Qf3 Nc6 3. c3 e5 4. Bc4 Be7 5. d3 O-O 6. h3 Na5 7. g4 Nxc4 8. dxc4 c6 9. g5 Ne8 10. h4 f5
11. exf5 d5 12. g6 Bxf5 13. gxh7+ Bxh7 14. Qg3 Nd6 15. Bh6 Nf5 16. Qg4 Nxh6 17. Qg3 Rf4 18. Nf3 Nf5 19. Qg2 Nxh4 20. Nxh4 Bxh4
21. Rxh4 Qxh4 22. Nd2 Raf8 23. O-O-O Rxf2 24. Qh1 Qg3 25. cxd5 Qd3 26. Qxh7+ Kxh7 27. d6 Rxd2 28. Rxd2 Rf1+
0-1